A noite das garrafadas / (Record no. 1286)

MARC details
000 -LÍDER
Campo Fixo de Controle 00835nam a2200277 a 4500
001 - NÚMERO DE CONTROLE
Campo de Controle 1286
003 - IDENTIFICAÇÃO DO NÚMERO DE CONTROLE
Campo de Controle BR-CuiBMT
005 - DATA E HORA DA ÚLTIMA ATUALIZAÇÃO
Campo de Controle 20231204185333.0
008 - DADOS FIXOS
Dados Fixos 231204s2013 dfba 000 0 por d
020 ## - INTERNATIONAL STANDARD BOOK NUMBER
Nº do ISBN 9788570184757
040 ## - AGÊNCIA CATALOGADORA
Código da Agência Catalogadora BR-CuiBMT
Agência que transcreveu o registro BR-CuiBMT
080 ## - Nº DA CLASSIFICAÇÃO DECIMAL UNIVERSAL
Nº edição CDU 2007
Nº Class. CDU 94
Subd. Auxiliar Comum (81)
090 ## - NÚMERO DE CHAMADA
Nº classificação 94(81)
Cutter C355n
100 1# - ENTRADA PRINCIPAL -- AUTOR PESSOAL
Nome pessoal Castro, Chico
245 #2 - TÍTULO PRINCIPAL
Título principal A noite das garrafadas /
Indicação de responsabilidade Chico Castro.
260 ## - PUBLICAÇÃO, DISTRIBUIÇÃO, ETC.
Local de publicação Brasília :
Editora Senado Federal,
Data 2013.
300 ## - DESCRIÇÃO FÍSICA
N. páginas ou volumes 258 p.:
Ilustrações il.
Dimensões 23 cm
490 ## - INDICAÇÃO DE SÉRIE
Título da série Edições do Senado Federal ;
Volume/designação sequencial da série v. 173
504 ## - NOTA DE BIBLIOGRAFIA, ETC.
Nota de bibliografia Inclui bibliografia.
650 ## - ASSUNTO TÓPICO
Cabeçalho tópico ou nome geográfico Confederação do Equador (1824)
650 ## - ASSUNTO TÓPICO
Cabeçalho tópico ou nome geográfico Garrafadas (1831)
Subdivisão geral história
Subdivisão geográfica Brasil
650 ## - ASSUNTO TÓPICO
Cabeçalho tópico ou nome geográfico Guerra da cisplatina
650 ## - ASSUNTO TÓPICO
Cabeçalho tópico ou nome geográfico Primeiro Reinado (1822-1831)
Subdivisão geográfica Brasil
830 #0 - ENTRADA SECUNDÁRIA DE SÉRIE -- TÍTULO UNIFORME
Título uniforme Edições do Senado Federal ;
Nº do volume/designação sequencial da série 173
942 ## - ELEMENTOS DE ENTRADA ADICIONAIS (KOHA)
Fonte de classificação ou esquema de arquivamento Classificação Decimal Universal
Tipo de item do Koha Livros
Holdings
Estado: removido Estado: perdido Fonte de classificação ou esquema de arquivamento Estado: danificado Indisponível para empréstimo Localização permanente Localização atual Data de aquisição Total Checkouts Número de Chamada completo Código de barras Date last seen Número do exemplar Preço efetivo a partir de Tipo de item (Koha)
    Classificação Decimal Universal     Biblioteca da Escola Superior de Contas do TCE/MT Biblioteca da Escola Superior de Contas do TCE/MT 04/12/2023   94(81) C355n BIBTCEMT23120110 04/12/2023 Ex. 1 04/12/2023 Livros

Powered by Koha